Tiêu chuẩn Việt Nam: Chỉ dẫn tính toán thành phần động của tải trọng gió theo TCVN 2737:1995

Đã lưu trong:
Bibliografiske detaljer
Format: Bog
Sprog:Undetermined
Udgivet: Hà Nội Xây dựng 1999
Fag:
Tags: Tilføj Tag
Ingen Tags, Vær først til at tagge denne postø!
Thư viện lưu trữ: Trung tâm Học liệu Trường Đại học Cần Thơ
LEADER 00565nam a2200181Ia 4500
001 CTU_62406
008 210402s9999 xx 000 0 und d
020 |b 18000 
082 |a 624.175 
082 |b T309 
245 0 |a Tiêu chuẩn Việt Nam: Chỉ dẫn tính toán thành phần động của tải trọng gió theo TCVN 2737:1995 
260 |a Hà Nội 
260 |b Xây dựng 
260 |c 1999 
650 |a construction industry 
650 |x standards 
904 |i Minh 
980 |a Trung tâm Học liệu Trường Đại học Cần Thơ